• 首页
  • 本馆介绍
  • 公告通知
  • 最新文献
  • 馆藏检索
  • 电子资源
  • 读者导购
  • 参考咨询
  • 我的图书馆
  • 登录
  • 详细信息显示
  • 放入我的书架
  • 预约/预借图书
  • 作者相关作品
  • 分类相关作品
  • 丛书相关作品
  • 出版社相关作品

书目信息

  • 表格格式
  • 工作单格式
  • 卡片格式
题名:
草地资源调查规划学
    
 
作者: 许鹏 主编
分册:  
出版信息: 北京   中国农业出版社  2000
页数: 285页
开本: 26cm
丛书名:
单 册:
中图分类: S812.5
科图分类:
主题词: 草地--资源调查--高等学校--教材 , 草地 , 资源调查
电子资源:
ISBN: 978-7-109-06223-8
000 00915nam0 2200265 45
001 1338837859
005 20130514151637.59
010    @a978-7-109-06223-8@dCNY30.00
100    @a20130108d2000 em y0chiy0110 ea
101 0  @achi
102    @aCN@b110000
105    @ay z 000yy
106    @ar
200 1  @a草地资源调查规划学@ACao Di Zi Yuan Diao Cha Gui Hua Xue@f许鹏主编@FXu Peng Zhu Bian
210    @a北京@c中国农业出版社@d2000
215    @a285页@d26cm
300    @a全国高等农业院校教材 草业科学专业用 中华农业科教基金资助编写
330    @a本书主要包括草地成因与分类,草地资源属性与评价,草地资源调查,草业规划四篇,系统讲述了从认识到规划利用草地资源全过程的基本原理、技术原则和方法。
606 0  @a草地@x资源调查@x高等学校@j教材
606 0  @a草地
606 0  @a资源调查
690    @aS812.5@v5
701  0 @a许鹏@AXu Peng@4主编
801    @aCN@bTANGWEI@c20130108
905    @b0828542-46@dS812.5@e92@f5
    
    草地资源调查规划学/许鹏主编.-北京:中国农业出版社,2000
    285页;26cm
    全国高等农业院校教材 草业科学专业用 中华农业科教基金资助编写
    
    ISBN 978-7-109-06223-8:CNY30.00
    本书主要包括草地成因与分类,草地资源属性与评价,草地资源调查,草业规划四篇,系统讲述了从认识到规划利用草地资源全过程的基本原理、技术原则和方法。
●
相关链接 在E读中查询图书 在五车中查询图书 在当当中查询图书 在豆瓣中查询图书


正题名:草地资源调查规划学     索取号:S812.5/92         预约/预借

序号 登录号 条形码 馆藏地/架位号 状态 备注
1 0828542   208285425   第二样本阅览室/ [索取号:S812.5/92] 在馆    
2 0828543   208285434   第三借阅区/ [索取号:S812.5/92] 在馆    
3 0828544   208285443   第三借阅区/ [索取号:S812.5/92] 在馆    
4 0828545   208285452   第三借阅区/ [索取号:S812.5/92] 在馆    
5 0828546   208285461   第三借阅区/ [索取号:S812.5/92] 在馆    
唐山师范学院图书馆 欢迎您!
大连网信软件有限公司© 版权所有